A pas de gegant : història dels gegants a Caldes d'Estrac / Marta moreso i Mora, Joan Manel Azuaga i Garcia història dels gegants a Caldes d'Estrac / Marta moreso i Mora, Joan Manel Azuaga i Garcia
ISBN:
84-89841-26-8
Descripción Física:
142 p. : il. (algunes col.) ; 30 cm
Otros Autores:
Azuaga i Garcia, Joan Manel
Materias:
Gegants -- Caldes d'Estrac -- Història
MARC
| LEADER | 00000nam a2200000Ia 4500 | ||
|---|---|---|---|
| 001 | 17114 | ||
| 008 | 160829s9999 xx 000 0 cat d | ||
| 020 | |a 84-89841-26-8 | ||
| 080 | |a FOL-2-80 | ||
| 100 | |a Moreso i Mora, Marta |9 23452 | ||
| 245 | 2 | |a A pas de gegant : |b història dels gegants a Caldes d'Estrac / Marta moreso i Mora, Joan Manel Azuaga i Garcia | |
| 260 | |a Premià de Mar : |b El Clavell, DL 1999 | ||
| 300 | |a 142 p. : |b il. (algunes col.) ; |c 30 cm | ||
| 590 | |a Bibliografia. | ||
| 590 | |a Amb el suport de Diputació de Barcelona, ... | ||
| 650 | |a Gegants |x Caldes d'Estrac |x Història |9 23453 | ||
| 700 | |a Azuaga i Garcia, Joan Manel |9 23454 | ||
| 710 | 1 | |a Barcelona (Catalunya : Província). |b Diputació |9 52408 | |
| 901 | |a Arxiu | ||
| 942 | |n 1 | ||
| 952 | |0 0 |1 0 |4 0 |6 FOL280 |7 1 |9 42712 |a Arxiu |b Arxiu |d 2016-12-01 |l 0 |o FOL-2-80 |p 17114 |r 2016-12-01 00:00:00 |w 2016-12-01 |y ARXIU | ||
| 999 | |c 45218 |d 45218 | ||